Príprava na Testovanie 9 matematika : testy pre deviatakov ZŠ a štvrtákov 8-ročného gymnázia

Bibliographic Details
Main Authors: Žigová, Terézia (Author), Kelecsényi, Pavol (Author)
Format: Book
Language:Slovak
PhysicalDescription:96 strán ilustrácie 30 cm
Published: Bratislava Dr. Josef Raabe Slovensko 2024
ISBN:9788081409950
Edition:5. vydanie
Subjects:

MARC

LEADER 00000cam a2200000 4500
001 vtls012274796
003 SK-MaSNL
005 20260302030005.0
008 250408s2024 xo a c fp 000 0 slo
015 |a SNBA2025/06 
020 |a 9788081409950  |q (brožované) 
040 |a SNK  |b slo  |c SNK  |e rda 
041 0 |a slo 
044 |a xo  |c SK 
072 7 |a 51  |x Matematika  |2 konspekt 
072 7 |a 37.016  |x Učebné osnovy. Vyučovacie predmety. Učebnice  |2 konspekt 
080 |a 51  |2 2011 
080 |a 373.3.016  |2 2001 
080 |a (079.1)  |2 2011 
080 |a (076.1)  |2 2011 
100 1 |a Žigová, Terézia  |4 aut  |9 395111 
245 1 0 |a Príprava na Testovanie 9  |b matematika : testy pre deviatakov ZŠ a štvrtákov 8-ročného gymnázia  |c autori: Terézia Žigová, Pavol Kelecsényi 
246 3 2 |a Testovanie 9  |b matematika 
250 |a 5. vydanie 
264 1 |a Bratislava  |b Dr. Josef Raabe Slovensko  |c 2024 
300 |a 96 strán  |b ilustrácie  |c 30 cm 
336 |a text  |b txt  |2 rdacontent 
337 |a bez média  |b n  |2 rdamedia 
338 |a zväzok  |b nc  |2 rdacarrier 
521 8 |a Pre deviatakov ZŠ a štvrtákov 8-ročného gymnázia 
650 0 7 |a matematika  |2 SNKPH  |9 70174 
650 0 7 |a Mathematics  |2 SNKPHeng  |9 265620 
650 0 7 |a učivo základných škôl  |2 SNKPH  |9 63300 
650 0 7 |a Elementary school curriculum  |2 SNKPHeng  |9 306214 
655 7 |a testy  |2 SNKPH  |9 70500 
655 7 |a Tests  |2 SNKPHeng  |9 303179 
655 7 |a Activity books  |2 SNKPHeng  |9 302885 
655 7 |a pracovné zošity  |2 SNKPH  |9 70188 
700 1 |a Kelecsényi, Pavol  |4 aut  |9 413717 
852 |a ‬Slovenská národná knižnica 
919 |a 978-80-8140-995-0 
954 |a odborná, vedecká literatúra pôvodná (slovenská)  |2 lita 
999 |c 1045915  |d 1047845 
952 |a SNK  |b SNK  |y PREZ  |7 0  |p 17A1566648  |o snkSB 101490  |i snk2025/6054  |8 0  |0 0  |1 0  |4 0  |d 2025-04-08  |f 1  |l 0  |r 2026-02-24 14:38:50  |w 2026-02-24 
952 |a SNK  |b SNK  |y VYP  |7 0  |p 17A1580748  |o snkSB 101490 D1  |i snk2025/15660  |8 3  |g 11.15  |0 0  |1 0  |4 0  |d 2025-10-03  |l 0  |r 2026-02-24 14:38:50  |w 2026-02-24